000 00565nam a22001817a 4500
082 _a343.0195491
_bSTU
_cL-31, p-72
245 _aA study of Pakistan Military Law
_bSTU
250 _a4th
260 _aSialkot Cantt
_bModern Book Depot
_c1960
300 _a45 p. :
_bill,
_c18 cm.
526 _a0
_b0
_c0
_d343_019549100000000_STU
526 _a0
_b0
_c0
_d343_019549100000000_STU
526 _a0
_b0
_c0
_d343_019549100000000_STU
526 _a0
_b0
_c0
_d343_019549100000000_STU
526 _a0
_b0
_c0
_d343_019549100000000_STU
650 _aMCE
_9379
942 _2ddc
_cBK
999 _c542510
_d542510